00430nam a22001577a 4500003000400000005001700004008004100021020001800062040000600080082002300086100002800109245007300137260003200210300001500242440001500257OSt20180116183045.0160506b xxu||||| |||| 00| 0 eng d a9789695623718 c0 a891.43915 MAL 2015 aDr. Nadeem Shafiq Malik aIqbal Day bCelebrations Abroad (1948-2000)cDr. Nadeem Shafiq Malik aLahorebFiction Housec2015 a288 p.bHB aIqbal Day